000 00803nam a2200253 i 4500
003 DO-SdBNP
005 20250509145128.0
007 ta
008 250509b dr a|||| |||| 00| 0 spa d
020 _a9789945801972
040 _aDO-SdBNP
_bspa
_cBNPHU
_erda
082 4 _axxx
_bxxx
_222
100 _aFigueroa, Dania Victoria
_eautor
_4aut.
_987015
245 1 3 _aEl caza estrellas /
_cDania Victoria Figueroa
264 1 _aSanto Domingo :
_bEditor no identificado,
_c2024.
300 _a24 páginas :
_bilustraciones ;
_c21 cm.
336 _atexto
_btxt
_2rdacontent
337 _asin mediación
_bn
_2rdamedia
338 _avolumen
_bnc
_2rdacarrier
500 _aIncluye datos biográficos del autor en la última página
590 _aInventariado, 2025/BT
910 _aBtavárez
942 _2ddc
_cLF2
999 _c58988
_d58988